| 000 | 00619nam a2200217Ia 4500 | ||
|---|---|---|---|
| 005 | 20241129111222.0 | ||
| 008 | 241129s9999||||xx |||||||||||||| ||und|| | ||
| 020 | _a978-90-04-51313-6 | ||
| 037 | _aTB | ||
| 040 |
_aCRL _beng _cCRL |
||
| 041 |
_aeng _2eng |
||
| 084 |
_aP:(Y7).4g7H R2 _qCRL |
||
| 100 |
_aPost Mark W. Ed. _9723691 |
||
| 245 | 0 |
_aEthnolinguistics prehistory of the eastern himalaya _cPost Mark W. Ed. |
|
| 260 |
_aLeiden, UK _bLeiden _c2022 |
||
| 300 | _axi,366p. | ||
| 365 |
_aEURO _b130 |
||
| 650 |
_aLinguistic _9558313 |
||
| 942 |
_cTB _hP:(Y7).4g7H R2 |
||
| 999 |
_c1229437 _d1229437 |
||